LIBRARY & INFORMATION CENTRE, KCAET, TAVANUR

ONLINE PUBLIC ACCESS CATALOGUE (OPAC)

Current science for pre-degree arts students / (Record no. 9051)

MARC details
000 -LEADER
fixed length control field 00480cam a2200193ua 4500
041 ## - LANGUAGE CODE
Language code of text/sound track or separate title eng
082 ## - DEWEY DECIMAL CLASSIFICATION NUMBER
Classification number 501
Item number HUN/GE
100 ## - MAIN ENTRY--AUTHOR NAME
Personal name Hunt, Lionel C .
245 ## - TITLE STATEMENT
Title Current science for pre-degree arts students /
250 ## - EDITION STATEMENT
Edition statement 1 /
260 ## - PUBLICATION, DISTRIBUTION, ETC. (IMPRINT)
Place of publication Calicut :
Name of publisher Indira Press ,
Year of publication 1965.
300 ## - PHYSICAL DESCRIPTION
Number of Pages 216 ; .
700 1# - ADDED ENTRY--PERSONAL NAME
Personal name Narayanan, C P .
942 ## - ADDED ENTRY ELEMENTS (KOHA)
Koha item type Books
Holdings
Withdrawn status Lost status Damaged status Home library Current library Date acquired Full call number Accession Number Koha item type Public note
Withdrawn     KAUAET Sanskrit University 07/04/2012 501 8529 Books Transferred to Sanskrit University
free website counter